| 000 | 00936nam a22002657a 4500 | ||
|---|---|---|---|
| 999 |
_c16609 _d16609 |
||
| 003 | EG-ScBUE | ||
| 005 | 20210527113247.0 | ||
| 008 | 120327s2011 ua f 000 ee ara d | ||
| 020 | _a9789770930649 | ||
| 040 |
_aEG-ScBUE _bara _erda _cEG-ScBUE _dEG-ScBUE |
||
| 082 | 0 | 4 |
_a892.78602 _bغ ر ي _222 |
| 100 | 1 |
_929478 _aغريب، أسامة، _eمؤلف. |
|
| 245 | 1 | 0 |
_aإرهاصات موقعة الجحش / _cأسامة غريب. |
| 250 | _aالطبعة الأولى. | ||
| 264 | 1 |
_aالقاهرة : _bدار الشروق، _c2011. |
|
| 300 |
_a560 صفحة ؛ _c20 سم |
||
| 336 |
_2rdacontent _aنص _btxt |
||
| 337 |
_2rdamedia _aبدون وسيط _bn |
||
| 338 |
_2rdacarrier _aمجلد _bnc |
||
| 650 | 7 |
_9152 _aالمقالات العربية _zمصر. _2BUEsh |
|
| 651 | 7 |
_924497 _aمصر _xتاريخ _zثورة 25 يناير 2011. _2BUEsh |
|
| 653 |
_cMarch2012 _bARALIT |
||
| 655 |
_vReading book _934232 |
||
| 942 |
_2ddc _cBB |
||